00520 2200181 4500001002100000005001500021035002000036008004100056245007400097100002600171260005100197300001300248020002200261084001400283082000800297650001400305990001900319INLIS00000000000315320240813094843 a0010-0724003153240813 0 ind 1 aMedia Relations :bCara Elegan Mengendalikan Wartawan /cAgus Hidayat aStevanny Dian Kartika aSurabaya :bSelasar Surabaya Publishing,c2009 a200 hlm. a978-979-25-9397-6 a070 STE m a070 4aNon Fiksi aP29/CP/24/3153